Tourism and social identities : global frameworks and local realities

Saved in:
Bibliographic Details
Other Authors Burns, Peter 1948- (Editor), Novelli, Marina (Editor)
Format Book
LanguageEnglish
Published London ; New York : Routledge, Taylor & Francis Group, 2011
SeriesAdvances in tourism research series (Routledge)
Subjects
ISBN978-0-08-045074-2
Physical Descriptionxiv, 204 stran : ilustrace, mapa ; 24 cm

Cover

LEADER 00000nam a2200000 i 4500
001 115627
003 CZ ZlUTB
005 20260511090423.0
007 ta
008 260511s2011 xxkab f 001 0 eng d
020 |a 978-0-08-045074-2  |q (vázáno) 
040 |a ZLD002  |b cze  |e rda 
044 |a xxk  |a xxu 
072 7 |a 338.3/.4  |x Hospodářská a výrobní odvětví  |2 Konspekt  |9 4 
080 |a 338.48  |2 MRF 
080 |a 304  |2 MRF 
080 |a 316.72/.75  |2 MRF 
080 |a 316.422  |2 MRF 
080 |a (082)  |2 MRF 
245 0 0 |a Tourism and social identities :  |b global frameworks and local realities /  |c edited by Peter M. Burns, Marina Novelli 
264 1 |a London ;  |a New York :  |b Routledge, Taylor & Francis Group,  |c 2011 
300 |a xiv, 204 stran :  |b ilustrace, mapa ;  |c 24 cm 
336 |a text  |b txt  |2 rdacontent 
337 |a bez média  |b n  |2 rdamedia 
338 |a svazek  |b nc  |2 rdacarrier 
490 1 |a Advances in tourism research 
500 |a Poprvé vyšlo v nakladatelství Elsevier 2006 
504 |a Obsahuje bibliografie, bibliografické odkazy a rejstříky 
650 0 7 |a cestovní ruch  |7 ph119113  |x sociální aspekty  |2 czenas 
650 0 7 |a cestovní ruch  |7 ph119113  |x kulturní aspekty  |2 czenas 
650 0 7 |a globalizace  |7 ph120568  |2 czenas 
650 0 9 |a tourism  |x social aspects  |2 eczenas 
650 0 9 |a tourism  |x cultural aspects  |2 eczenas 
650 0 9 |a globalization  |2 eczenas 
655 7 |a sborníky  |7 fd724344  |2 czenas 
655 9 |a papers of several authors  |2 eczenas 
700 1 |a Burns, Peter  |q (Peter M.),  |d 1948-  |7 mub2013760555  |4 edt 
700 1 |a Novelli, Marina  |7 mub2013772251  |4 edt 
710 2 |a Routledge (firma)  |7 xx0342426  |4 pbl 
710 2 |a Taylor & Francis  |7 kn20091109006  |4 pbl 
830 0 |a Advances in tourism research series (Routledge) 
910 |a ZLD002 
928 9 |a Taylor & Francis Group 
942 |2 udc 
952 |0 0  |1 0  |4 0  |5 0  |6 338TOURSIM  |7 0  |8 BOOK  |9 191086  |a UTBZL  |b UTBZL  |c 005  |d 2026-05-11  |l 0  |o 338/TOURSIM  |p 420010202063  |r 2026-05-11 09:05:04  |v 2703.00  |w 2026-05-11  |x N:nákup  |y 01 
992 |a BK  |b SKNEW 
999 |c 115627  |d 115627